[Event "Mittelfrank Regionalliga Nord-West 2223"]
[Site "Mittelfranken"]
[Date "2023.04.23"]
[Round "9.7"]
[White "Rodriguez, Jose4444"]
[Black "Schwarzmann, Holger"]
[Result "0-1"]
[WhiteElo "1282"]
[BlackElo "1841"]
[PlyCount "60"]
[EventDate "2022.10.09"]
[EventType "team-tourn"]
[EventRounds "9"]
[EventCountry "GER"]
[SourceTitle "EXT 2024"]
[Source "ChessBase"]
[SourceDate "2023.10.10"]
[SourceVersion "1"]
[SourceVersionDate "2023.10.10"]
[SourceQuality "1"]
[WhiteTeam "Klingenberg"]
[BlackTeam "Hoechstadt/Aisch"]
[WhiteTeamCountry "GER"]
[BlackTeamCountry "GER"]

1. e4 d6 2. d4 Nf6 3. Nc3 g6 4. Nf3 Bg7 5. Be2 0-0 6. 0-0 c6 7. a4 Qc7 8. Be3 Nbd7 9. Qd2 e5 10. Bh6 Re8 11. Bxg7 Kxg7 12. Rfe1 b6 13. Bd3 Bb7 14. Rab1 Nf8 15. dxe5 dxe5 16. Ne2 Rad8 17. Ng3 Ne6 18. Qc3 Nc5 19. b3 Nxd3 20. cxd3 Qd6 21. Rbd1 c5 22. Qc4 h6 23. h3 Nd7 24. Ng5 hxg5 25. Nf1 Nf8 26. Ne3 Ne6 27. g3 Nd4 28. Kg2 Qf6 29. Ng4 Qf3+ 30. Kf1 Qh1# 0-1

[Event "Oberfranken-ch 1213"]
[Site "Schney"]
[Date "2013.01.04"]
[Round "4"]
[White "Schwarzmann, Holger"]
[Black "Grosshans, Ralf Michael"]
[Result "1/2-1/2"]
[WhiteElo "1812"]
[BlackElo "2096"]
[PlyCount "51"]
[EventDate "2013.01.03"]
[EventType "swiss"]
[EventRounds "7"]
[EventCountry "GER"]
[SourceTitle "EXT 2015"]
[Source "ChessBase"]
[SourceDate "2014.11.20"]
[SourceVersion "1"]
[SourceVersionDate "2014.11.20"]
[SourceQuality "1"]

1. b4 c6 2. e3 d5 3. Bb2 Bf5 4. c4 e6 5. c5 Nf6 6. d4 Be7 7. Bd3 Bxd3 8. Qxd3 0-0 9. Nf3 Ne4 10. Nc3 f5 11. g3 Nd7 12. Ne2 Rf6 13. Ne5 Rh6 14. f3 Ng5 15. Kf2 Qe8 16. h4 Nf7 17. Nxd7 Qxd7 18. Bc3 g5 19. hxg5 Bxg5 20. Rxh6 Nxh6 21. Rh1 a6 22. Qb1 Qf7 23. Qf1 Qg6 24. Nf4 Bxf4 25. gxf4 Kh8 26. Qh3 1/2-1/2